Metodická příručka k vyučování matematiky v 6. ročníku základní školy ; Zprac.: Ján Čižmár, ... ; Slov. část textu přel. Daniela Řebíčková

Bibliographic Details
Other Authors: Čižmár, Ján, 1935- (apd), Řebíčková, Daniela (Translator)
Format: Book
Language:Czech
PhysicalDescription:80 s. 20 cm
Published: Praha Státní pedagogické nakladatelství 1991
ISBN:8004240429
Edition:1. vyd.
Series:Metodické příručky

MARC

LEADER 00000nam a2200000 a 4500
001 vtls001127115
003 SK-MaSNL
005 20260302031208.0
008 250414s1991 CS 0 cze
020 |a 8004240429 
035 |a SNK000069964 
040 |a SNK  |b slo  |c SNK  |e AACR2 
041 0 |a cze 
044 |a [CS] 
080 |a 371.3:372.851(072)  |2 1981 
080 |a 372.851(072)  |2 1981 
245 0 0 |a Metodická příručka k vyučování matematiky v 6. ročníku základní školy ; Zprac.: Ján Čižmár, ... ; Slov. část textu přel. Daniela Řebíčková 
250 |a 1. vyd. 
260 |a Praha  |b Státní pedagogické nakladatelství  |c 1991  |e S.l.Mistral  |f Mistral 
300 |a 80 s.  |c 20 cm 
490 0 |a Metodické příručky 
700 1 |a Čižmár, Ján,  |d 1935-  |4 apd  |9 101973 
700 1 |a Řebíčková, Daniela  |4 trl  |9 60432 
852 |a Slovenská národná knižnica 
919 |a 80-04-24042-9 
999 |c 1051221  |d 1053151 
952 |t P60, <04>, [BOOK], {604}  |a SNK  |b SNK  |y VYP  |7 0  |p 17A0362136  |o snkSD 63288 D1  |0 0  |1 0  |4 0  |d 2002-10-28  |l 0  |r 2004-12-31 00:00:00  |w 2026-02-24